Daňová tvorivosť VIII. očakávané trendy pre daňových kreatívcov

Cieľom tejto daňovej osvety je pomôcť rastu daňovej tvorivosti. Každým zdokonaľovaním troch hlavných aktérov daňového procesu na celom svete t.j. správcov dane - tí ktorí dane vyberajú, daňových subjektov - ktoré dane platia, a daňových poradcov či advokátov - ktorí pri tom radia, sa urýchľuje aj op...

Descripción completa

Guardado en:
Detalles Bibliográficos
Autor principal: Burák, Emil
Formato: Capítulo de libro
Lenguaje:eslovaco
Materias:
Etiquetas: Agregar Etiqueta
Sin Etiquetas, Sea el primero en etiquetar este registro!

MARC

LEADER 00000naa a2200000 4500
001 0270282
005 20201130165610.2
041 0 |a slo 
044 |a SK 
245 1 0 |a Daňová tvorivosť VIII.  |b očakávané trendy pre daňových kreatívcov  |c Emil Burák 
520 |a Cieľom tejto daňovej osvety je pomôcť rastu daňovej tvorivosti. Každým zdokonaľovaním troch hlavných aktérov daňového procesu na celom svete t.j. správcov dane - tí ktorí dane vyberajú, daňových subjektov - ktoré dane platia, a daňových poradcov či advokátov - ktorí pri tom radia, sa urýchľuje aj optimalizácia daňového systému (modelu, daňového produktu) štátu. 
610 2 0 |a dane 
610 2 0 |a politika daňová 
610 2 0 |a správa daňová 
610 2 0 |a vzdelávanie 
610 2 0 |a osveta 
100 1 |a Burák, Emil